<?xml version="1.0" encoding="UTF-8"?><?xml-stylesheet type="text/xsl" href="static/style.xsl"?><OAI-PMH xmlns="http://www.openarchives.org/OAI/2.0/" xmlns:xsi="http://www.w3.org/2001/XMLSchema-instance" xsi:schemaLocation="http://www.openarchives.org/OAI/2.0/ http://www.openarchives.org/OAI/2.0/OAI-PMH.xsd"><responseDate>2026-06-01T11:59:13Z</responseDate><request verb="GetRecord" identifier="oai:riuma.uma.es:10630/32064" metadataPrefix="marc">https://riuma.uma.es/rest/oai/request</request><GetRecord><record><header><identifier>oai:riuma.uma.es:10630/32064</identifier><datestamp>2026-02-03T12:00:16Z</datestamp><setSpec>com_10630_2254</setSpec><setSpec>col_10630_37959</setSpec></header><metadata><record xmlns="http://www.loc.gov/MARC21/slim" xmlns:dcterms="http://purl.org/dc/terms/" xmlns:doc="http://www.lyncode.com/xoai" xmlns:xsi="http://www.w3.org/2001/XMLSchema-instance" xsi:schemaLocation="http://www.loc.gov/MARC21/slim http://www.loc.gov/standards/marcxml/schema/MARC21slim.xsd">
   <leader>00925njm 22002777a 4500</leader>
   <datafield ind2=" " ind1=" " tag="042">
      <subfield code="a">dc</subfield>
   </datafield>
   <datafield ind2=" " ind1=" " tag="720">
      <subfield code="a">Baquero Aguilar, Jorge</subfield>
      <subfield code="e">author</subfield>
   </datafield>
   <datafield ind2=" " ind1=" " tag="260">
      <subfield code="c">2024</subfield>
   </datafield>
   <datafield ind2=" " ind1=" " tag="520">
      <subfield code="a">Parte de la problemática que subyace en nuestro sistema de empleo público ha sido objeto de diversas cuestiones prejudiciales planteadas por parte de algunos tribunales españoles ante el TJUE a lo largo de los últimos años. Quizás, la más relevante hasta el momento fue el caso de Ana de Diego Porras I y II.&#xd;
La última STJUE (Sala Sexta), de 22 de febrero de 2024 (asuntos acumulados C-59/22, C-110/22 y C-159/22) que incide sobre parte de la problemática de nuestro sistema, ha provocado un “terremoto” mediático y jurídico que ha llevado al Tribunal Supremo (Sala 4ª) a decidir plantear una nueva cuestión prejudicial que aclare ciertos aspectos de la sentencia objeto de estudio.&#xd;
Varios trabajadores del Sector Público de nuestro país que forman parte en la categoría -reconocida judicialmente- de indefinidos no fijos plantean diversos recursos de suplicación ante el TSJ de Madrid después de que varios Juzgados de lo Social les negasen la condición de trabajadores fijos en la Administración. Dicho TSJ plantea al TJUE sendas cuestiones prejudiciales.</subfield>
   </datafield>
   <datafield ind1="8" ind2=" " tag="024">
      <subfield code="a">https://hdl.handle.net/10630/32064</subfield>
   </datafield>
   <datafield tag="653" ind2=" " ind1=" ">
      <subfield code="a">Empleo</subfield>
   </datafield>
   <datafield tag="653" ind2=" " ind1=" ">
      <subfield code="a">Política de empleo</subfield>
   </datafield>
   <datafield tag="653" ind2=" " ind1=" ">
      <subfield code="a">Empleo temporal</subfield>
   </datafield>
   <datafield tag="653" ind2=" " ind1=" ">
      <subfield code="a">Seguridad en el empleo</subfield>
   </datafield>
   <datafield ind2="0" ind1="0" tag="245">
      <subfield code="a">Análisis de la sentencia del Tribunal de Justicia de la Unión Europea (Sala Sexta), de 22 de febrero de 2024.  Asuntos acumulados C-59/22, C-110/22 y c-159/22.</subfield>
   </datafield>
</record>
</metadata></record></GetRecord></OAI-PMH>